000 00430nam a2200157Ia 4500
003 GCL
008 140319s9999 xx 000 0 ara d
040 _aGCL /
_cGCL
082 0 4 _a250
_bق ا
245 1 0 _aاعلام الموقعين عن رب العالمين
260 _a[S.N] :
_bدار الجيل
490 _aدار الجيل
_v0
650 0 4 _aالاسلام
650 0 4 _aالفقه الاسلامى
942 _2ddc
_cBK
999 _c59011
_d59011